Statistiques concernant Paroles Les yeux de la mama Kendji Girac

Cliquez ici pour prendre le quiz!

Statistiques générales

  • Ce quiz a été pris 789 fois
  • Le résultat moyen est 237 sur 284

Statistiques - réponses

Réponse% Correct
la
99%
le
99%
de
98%
m'a
98%
ma
98%
les
97%
Les
97%
Mama
97%
moi
97%
mon
97%
Mon
97%
yeux
97%
Dieu
96%
elle
96%
Elle
96%
se
96%
à
95%
beaux
95%
me
94%
ses
92%
tout
92%
je
91%
Je
91%
pas
91%
gestes
90%
Mais
90%
Oh
90%
reste
90%
douceur
89%
monde
86%
chaque
85%
Quand
85%
est
84%
même
84%
seconde
84%
toujours
84%
avec
83%
dans
83%
encore
83%
sera
83%
porté
82%
porte
82%
ce
81%
Laissez-les
81%
laissez-les
81%
un
81%
fait
80%
des
79%
Et
79%
j'ai
79%
lui
79%
avant
78%
Comme
78%
fidèle
78%
serai
78%
Enlevez-moi
77%
mal
76%
serai
76%
lumière
75%
par
75%
soleil
75%
aux
74%
que
74%
froid
73%
dit
71%
Mes
71%
mes
71%
éclats
70%
l'existence
70%
merveille
70%
silence
70%
étoile
69%
plus
69%
pour
69%
ris
69%
rit
69%
son
69%
ciel
67%
miel
67%
étoiles
66%
haut
66%
splendeur
66%
qui
65%
une
65%
hauteur
64%
m'emportera
64%
prière
64%
splendeurs
64%
C'est
62%
parmi
62%
sont
62%
souffre
62%
centaines
61%
coule
61%
folie
61%
grandeurs
61%
m'élève
61%
n'suis
61%
sang
61%
chansons
60%
coeur
60%
faire
60%
sans
60%
sève
60%
souvent
60%
veines
60%
Graal
58%
lionne
58%
souvenirs
58%
blesse
57%
infernal
57%
mille
56%
quête
55%
caresse
54%
relève
53%
devient
52%
patience
52%
ramène
52%
j'abandonne
47%
Bercent
40%

Distribution des résultats

Percentile par nombre de réponses

% des personnes avec chaque résultat

Votre développement - résultats

Vous n’avez pas pris ce quiz